Strengthening environmental impact assessment capacity in Asia : A case study on the Philippine EIA system

The goal of ERMP is to help UPLB strengthen its capability to contribute to environemt and resource management in the Philippines.

שמור ב:
מידע ביבליוגרפי
מחבר ראשי: Balagot, Beta P.
פורמט: ספר
שפה:Undetermined
יצא לאור: Halifax, N.S. The Project 1994
נושאים:
תגים: הוספת תג
אין תגיות, היה/י הראשונ/ה לתייג את הרשומה!
Thư viện lưu trữ: Trung tâm Học liệu Trường Đại học Cần Thơ
LEADER 00855nam a2200217Ia 4500
001 CTU_143878
008 210402s9999 xx 000 0 und d
082 |a 333.7 
082 |b B171 
100 |a Balagot, Beta P. 
245 0 |a Strengthening environmental impact assessment capacity in Asia : 
245 2 |b A case study on the Philippine EIA system 
245 0 |c Beta P. Balagot, Nicomedes D. Briones ; Environment and Resource Management Project 
260 |a Halifax, N.S. 
260 |b The Project 
260 |c 1994 
520 |a The goal of ERMP is to help UPLB strengthen its capability to contribute to environemt and resource management in the Philippines. 
650 |a Environmental impact analysis,Environmental policy 
650 |z Philippines,Philippines 
904 |i Giang 
980 |a Trung tâm Học liệu Trường Đại học Cần Thơ